000 00409nam a2200133 i 4500
001 43159
003 ES-MaACL
007 t|
008 030317s1855 it ||||1| ita d
100 1 _aCerroti, Filippo.
_937577
245 1 3 _aLa Galleria di Monte Arroso presso scena nella strada ferrata centrale /
_cFilippo Cerroti.
260 _aToscana :
_bFierence Barbera Branchi,
_c1855.
852 _aES-MaACL
_jT-993-F-4
999 _c43159
_d43159